| 000 | 00602cam a2200193 a 4500 | ||
|---|---|---|---|
| 001 | 000009437 | ||
| 005 | 20200929161608.0 | ||
| 008 | 030228s2001 xx 000 0 spa | ||
| 020 | _a9789962021445 | ||
| 040 |
_aDO-SdBNP _bspa _cBNPHU _dBNPHU |
||
| 082 |
_aP863.44 _bT172c |
||
| 100 | 1 |
_aTapia Rodríguez, Rose Marie, _d1947- _924234 |
|
| 245 | 1 | 0 |
_aCaminos y encuentros / _cRose Marie Tapia. |
| 260 |
_as.l. : _bAlvarado, _c200?. |
||
| 300 |
_a197 p. ; _c21 cm. |
||
| 500 | _aLa biblioteca posee un ejemplar autobiografiado. | ||
| 650 | 4 |
_aNovela panameña _921757 |
|
| 650 | 4 |
_aLiteratura panameña _94261 |
|
| 999 |
_c9197 _d9197 |
||